A thousand darknesses : lies and truth in Holocaust fiction /

What is the difference between writing a novel about the Holocaust and fabricating a memoir? Are Holocaust writings, by their very nature, exempt from criticism and interpretation? Do narratives about the Holocaust have a special obligation to be truthful--that is, faithful to the facts of history?...

Full description

Bibliographic Details
Main Author: Franklin, Ruth
Format: Book
Language:English
Published: Oxford ; New York : Oxford University Press, 2011.
Subjects:

MARC

Tag First Indicator Second Indicator Subfields
LEADER 00000cam a2200000 a 4500
001 in00002652621
005 20151202113207.0
008 100405s2011 enk b 001 0 eng
010 |a  2010013590 
020 |a 9780195313963 (cloth : alk. paper) 
020 |a 0195313968 (cloth : alk. paper) 
035 |a (OCoLC)ocn608032357 
035 |a (OCoLC)608032357 
040 |a DLC  |c DLC  |d YDX  |d YDXCP  |d BWX  |d CDX  |d MNW  |d UtOrBLW 
049 |a TXAM 
050 0 0 |a PN56.3.J4  |b F73 2011 
082 0 0 |a 809/.93358405318  |2 22 
100 1 |a Franklin, Ruth. 
245 1 2 |a A thousand darknesses :  |b lies and truth in Holocaust fiction /  |c Ruth Franklin. 
264 1 |a Oxford ;  |a New York :  |b Oxford University Press,  |c 2011. 
300 |a x, 256 pages ;  |c 25 cm. 
336 |a text  |b txt  |2 rdacontent 
337 |a unmediated  |b n  |2 rdamedia 
338 |a volume  |b nc  |2 rdacarrier 
504 |a Includes bibliographical references and index. 
505 0 |a Angry young man / Tadeusz Borowski -- The alchemist / Primo Levi -- The kabbalist in the death camps / Elie Wiesel -- The anti-witness / Piotr Rawicz -- The art of the self / Jerzy Kosinski (or the prankster)? -- Child of Auschwitz / Imre Kertesz -- A story for you / Thomas Keneally, Steven Spielberg -- The ghost writer / Wolfgang Koeppen -- The effect of the real / W.G. Sebald -- Willing executioners / Bernhard Schlink -- Identity theft : The second generation -- The third generation. 
520 |a What is the difference between writing a novel about the Holocaust and fabricating a memoir? Are Holocaust writings, by their very nature, exempt from criticism and interpretation? Do narratives about the Holocaust have a special obligation to be truthful--that is, faithful to the facts of history? Is a fictional account of the Holocaust, in the words of Elie Wiesel, "an insult to the dead"? In this provocative study, Ruth Franklin investigates these questions as they arise in the most significant works of Holocaust writing, from Tadeusz Borowski's Auschwitz stories to Jonathan Safran Foer's postmodernist family history. Franklin argues that the memory-obsessed culture of the last few decades has led to a valid form of Holocaust writing. As even the most canonical texts have come under scrutiny for their fidelity to the facts, we have lost sight of the essential role that imagination plays in the creation of any literary work, including the memoir. In sustained and fluent analysis, Franklin provides powerful new interpretations of memoirs by Elie Wiesel and Primo Levi; novels by writers such as Piotr Rawicz, Jerzy Kosinski, W. G. Sebald and Wolfgang Koeppen; and the film Schindler's List. Written by a gifted journalist and literary critic, this graceful and wide-ranging account offers a lucid view of the role of memory and imagination in Holocaust literature that also illuminates broader questions about history, politics, and truth. 
650 0 |a Holocaust, Jewish (1939-1945), in literature. 
650 0 |a Jewish fiction  |x History and criticism. 
650 0 |a Truth in literature. 
650 0 |a Memory in literature. 
938 |a YBP Library Services  |b YANK  |n 3422940 
938 |a Blackwell Book Service  |b BBUS  |n R2870330  |c $29.95 
938 |a Coutts Information Services  |b COUT  |n 12974647 
945 |a PromptCat  |b 160753 
946 |a stk 
947 |a A14840551991 
994 |a 92  |b TXA 
948 |a Cataloged  |b h  |c 2010/12/14  |d c  |e ibarton 
999 |a MARS 
999 f f |s ac9b4a13-fabc-3f77-b215-b5b709c16ccd  |i 016c53b1-b72a-3aa8-a65e-e79a984d20bb  |t 0 
952 f f |p ric  |a Texas A&M University  |b Rellis Campus  |c Joint Library Facility  |d Remote Storage  |t 0  |e PN56.3.J4 F73 2011  |h Library of Congress classification  |i unmediated -- volume  |m A14840551991 
998 f f |a PN56.3.J4 F73 2011  |t 0  |l Remote Storage